00691 2200229 4500001002100000005001700021020002200038035002400060040001200084082001400096084001800110090001800128100001900146245015300165250001100318260002700329300002700356650002800383700001800411850001200429990002000441YOGYA00000000010123620141016084425.0 a978-979-29-2989-8 0010-031400000000070 aYOPDYOG 2[22]a212 aDEP 212 Gil T aDEP 212 Gil T aGILLIGAN, Neil aTransformed by the power of godbpanggilan bagi orang percaya untuk mengalami transformasi kuasa Allahc/ Neil Gilligan ; penterjemah, Arvin Saputra aCet. 1 aYogyakartabAndic2013 aviii, 220 hlm.c24 cm. aKristen - Hakekat Tuhan aArvin Saputra aYOPDYOG aCB-D.112013-719